| 000 | 00884nam a2200229 a 4500 | ||
|---|---|---|---|
| 008 | 120416s2002 ||||||||||||||||| || u | ||
| 020 | _a0521804760 | ||
| 050 | _aQK 754.5 Bon | ||
| 100 | _aBonan, Gordon | ||
| 245 | 1 | 0 | _aEcological climatology: concepts and applications |
| 260 |
_aCambridge _bCambridge University Press _c2002 |
||
| 300 | _axi, 678p. : ill. | ||
| 350 | _a0.00 | ||
| 650 | _aCLIMATE CHANGE--COMESA | ||
| 650 | 0 | _aPLANT ECOPHYSIOLOGY | |
| 650 | _aVegetation and climate | ||
| 650 | _aPLANTS | ||
| 856 | _uhttp://www.loc.gov/catdir/samples/cam033/2001043912.html | ||
| 856 | _uhttp://www.loc.gov/catdir/description/cam022/2001043912.html | ||
| 856 | _uhttp://www.loc.gov/catdir/toc/cam025/2001043912.html | ||
| 995 |
_D0.00 _FCBU-MAIN LIBRARY (Kitwe) _H1 _I30.00 _M1 _UDAMAGED _ZMain Library Open Access Collection |
||
| 999 |
_c40693 _d40693 |
||